| 000 | 00808nas a2200241 4500 | ||
|---|---|---|---|
| 001 | BR9508273 | ||
| 003 | BR-BrBNA | ||
| 005 | 20231205095453.0 | ||
| 007 | ta | ||
| 008 | 230509b bl.|||p| |||| 00| 00por d | ||
| 040 |
_aBR-BrBNA _bpor _cBiblioteca Nacional de Agricultura |
||
| 041 | _a(Pt) | ||
| 072 | _aL73 | ||
| 100 | 1 | _aRibeiro, L.A. | |
| 245 | 1 | _aIsolamento do Corynebacterium pseudotuberculosis de um caso de linfoadenite caseosa em ovino no Rio Grande do Sul | |
| 650 | _aOvino | ||
| 650 | _aBacteria | ||
| 650 | _aIsolamento | ||
| 650 | _aLinfadenite Caseosa | ||
| 773 | 0 |
_tArquivos da Faculdade de Veterinaria da Universidade Federal do Rio de Grande do Sul (Brazil) _xISSN 0101-5230 _g(1994), v. 22 p. 76-79 _wBR9508273 |
|
| 909 |
_a202311 _bLúcia _c55 _dLúcia Elande |
||
| 942 |
_2AGRIS _n0 _cANA |
||
| 999 |
_c150890 _d150890 |
||